Top 10 Populous Cities U.S. 1900 - Statistics

General Stats
  • This quiz has been taken 35 times
  • The average score is 8 of 10
Answer Stats
Population City % Correct
3,437,202 New York
100%
1,698,575 Chicago
94%
1,293,697 Philadelphia
91%
560,892 Boston
89%
508,957 Baltimore
77%
391,768 Cleveland
77%
342,782 San Francisco
77%
325,902 Cincinnati
66%
352,387 Buffalo
57%
575,238 St. Louis
57%
No matching quizzes found
Score Distribution
Percent of People with Each Score
Percentile by Number Answered
Your Score History
You have not taken this quiz